|
|
|
|
| LEADER |
01037nam a2200265 u 4500 |
| 001 |
10038868 |
| 003 |
upatras |
| 005 |
20250407101226.0 |
| 008 |
010129s1982 uk eng |
| 020 |
|
|
|a 071483243x
|
| 040 |
|
|
|a GR-PaULI
|c GR-PaULI
|
| 041 |
0 |
|
|a eng
|
| 082 |
0 |
4 |
|a 701.15
|
| 100 |
1 |
|
|a Gombrich, E. H.
|q (Ernst Hans),
|d 1909-2001
|9 6232
|
| 245 |
1 |
0 |
|a The image and the eye
|b further studies in the psychology of pictorial representation
|c E. H. Gombrich
|
| 260 |
|
|
|a London
|b Phaidon Press
|c 1982
|
| 300 |
|
|
|a 320 p.
|b phot.
|c 25 cm.
|
| 504 |
|
|
|a Includes bibliography and index
|
| 650 |
|
4 |
|a Τέχνη
|x Ψυχολογία
|9 6284
|
| 650 |
|
4 |
|a Τέχνη
|x Θεωρία
|9 6180
|
| 852 |
|
|
|a GR-PaULI
|b ΠΑΤΡΑ
|b ΑΡΧΙΤΕΚΤΟΝΙΚΗ
|k ΑΣΧΞ-2
|h 701.15 G
|m 000888
|p 025000089422
|t 1
|
| 942 |
|
|
|2 ddc
|c BK15
|
| 952 |
|
|
|0 0
|1 0
|4 0
|6 701_150000000000000_G
|7 0
|9 25263
|a ARCH
|b ARCH
|d 2016-04-24
|i 000888
|l 6
|m 2
|o 701.15 G
|p 025000089422
|r 2023-04-06 00:00:00
|s 2023-03-28
|t 1
|w 2016-04-24
|y BK15
|
| 998 |
|
|
|c MANIAKH
|d 2001-01
|
| 999 |
|
|
|c 15996
|d 15996
|